Essential microbiology review
The book provides complete learning resource for medical microbiology; covers basic concepts and clinical conditions; includes pathogenic bacteriology, virology, mycology, immunology, and parasitology; offers perfect review for board exams; and also presents detailed explanations of correct and inco...
Na minha lista:
| Autor principal: | |
|---|---|
| Formato: | Livro |
| Idioma: | Undetermined |
| Publicado em: |
Cambridge, Massachusetts
Blackwell Science
1996
|
| Assuntos: | |
| Tags: |
Adicionar Tag
Sem tags, seja o primeiro a adicionar uma tag!
|
| Thư viện lưu trữ: | Trung tâm Học liệu Trường Đại học Cần Thơ |
|---|
| LEADER | 00860nam a2200193Ia 4500 | ||
|---|---|---|---|
| 001 | CTU_19133 | ||
| 008 | 210402s9999 xx 000 0 und d | ||
| 082 | |a 616.01076 | ||
| 082 | |b B724 | ||
| 100 | |a S James Booth | ||
| 245 | 0 | |a Essential microbiology review | |
| 245 | 0 | |c S James Booth | |
| 260 | |a Cambridge, Massachusetts | ||
| 260 | |b Blackwell Science | ||
| 260 | |c 1996 | ||
| 520 | |a The book provides complete learning resource for medical microbiology; covers basic concepts and clinical conditions; includes pathogenic bacteriology, virology, mycology, immunology, and parasitology; offers perfect review for board exams; and also presents detailed explanations of correct and incorrect answers | ||
| 650 | |a medical microbiology - examinations, questions, etc | ||
| 904 | |i Minh, 971009 | ||
| 980 | |a Trung tâm Học liệu Trường Đại học Cần Thơ | ||